000 00795nam a2200253 a 4500
001 1209
005 20140414131958.0
008 041110s19uu xx 00 eng d
020 _a0-395-48009-4
050 _aTR 808.83
_bB417 Bk. A
245 _aThe beginning to read A :
_bbig bears and little bears.
260 _aBoston, MA :
_bHoughton Mifflin,
_c1989.
300 _a80 p. : ill. ; cm.
440 _aHoughton Mifflin Readers
500 _aContents: Mary wore her red dress and Henry wore his green sneakers--The boat--Sleepy bear--Come In, Boo Bear--Just like daddy--Good night, Good night--The hat.
650 _aReading.
650 _aChildren stories.
999 _c113006
_d113006